| 000 | 005070000a22001810004500 | ||
|---|---|---|---|
| 003 | MACL | ||
| 005 | 20160109161616.0 | ||
| 008 | 160109b xxu||||| |||| 00| 0 eng d | ||
| 040 |
_aMACL _cMACL |
||
| 041 | _aEnglish | ||
| 082 | _a825/IAEA | ||
| 100 |
_aIndian Adult Education Association _930573 |
||
| 245 |
_aWorker's Education _bReport of The Eight National Seminar |
||
| 260 |
_bIndian Adult Education Association _c1958 _aDelhi |
||
| 350 | _a2.50 | ||
| 650 |
_aSpeeches _930574 |
||
| 942 |
_cBK _k825 _2ddc |
||
| 999 |
_c34712 _d34712 |
||